Zákon o zdravotnom poistení - novela

Dôležité zmeny v zákone o zdravotnom poistení od mája 2015.

Guardado en:
Detalles Bibliográficos
Autor principal: Matulková, Mariana
Formato: Capítulo de libro
Lenguaje:eslovaco
Materias:
Etiquetas: Agregar Etiqueta
Sin Etiquetas, Sea el primero en etiquetar este registro!

MARC

LEADER 00000naa a2200000 4500
001 0200533
005 20231120130447.1
041 0 |a slo 
044 |a SK 
245 1 0 |a Zákon o zdravotnom poistení - novela  |c Mariana Matulková 
520 |a Dôležité zmeny v zákone o zdravotnom poistení od mája 2015. 
610 2 0 |a zákony 
610 2 0 |a Slovensko 
610 2 0 |a novelizácia 
610 2 0 |a poistenie zdravotné 
100 1 |a Matulková, Mariana